[Event "Medellin Flores op 30th"]
[Site "Medellin"]
[Date "2023.08.05"]
[Round "4"]
[White "Orbe Vivero, Maria Jose"]
[Black "Monroy Arrubla, Stiven"]
[Result "1/2-1/2"]
[WhiteElo "1412"]
[BlackElo "1705"]
[PlyCount "134"]
[EventDate "2023.08.03"]
[EventType "swiss"]
[EventRounds "9"]
[EventCountry "COL"]
[SourceTitle "EXT 2024"]
[Source "ChessBase"]
[SourceDate "2023.10.10"]
[SourceVersion "1"]
[SourceVersionDate "2023.10.10"]
[SourceQuality "1"]

1. c4 Nf6 2. Nc3 g6 3. g3 Bg7 4. Bg2 c6 5. Nf3 d5 6. cxd5 cxd5 7. d4 Nc6 8. 0-0 0-0 9. Ne5 Bf5 10. Nxc6 bxc6 11. e3 Rc8 12. b4 a5 13. bxa5 c5 14. Bd2 cxd4 15. exd4 Qxa5 16. Nxd5 Qa7 17. Ne3 Bd3 18. Re1 Qxd4 19. Qb3 Be4 20. Rad1 Bxg2 21. Kxg2 Qa7 22. Bb4 Rfe8 23. Rd3 Ne4 24. Qd5 Nf6 25. Qb3 Ne4 26. a3 h5 27. Qd5 Nf6 28. Qf3 Qa6 29. Nd5 Nxd5 30. Rxd5 Qb7 31. Rd3 Qa7 32. Red1 Bf6 33. Rd7 Qa8 34. Qxa8 Rxa8 35. Rc7 Rac8 36. Rdd7 Rxc7 37. Rxc7 e6 38. a4 Rb8 39. Bc5 Bd8 40. Rd7 Bb6 41. Bxb6 Rxb6 42. Ra7 Rb3 43. a5 Ra3 44. a6 Kg7 45. Ra8 Kf6 46. Kf1 e5 47. a7 Ra2 48. h3 Kf5 49. f3 h4 50. Rh8 Ra1+ 51. Ke2 Ra2+ 52. Ke3 Ra3+ 53. Ke2 Rxa7 54. Rxh4 Ra2+ 55. Ke3 Ra3+ 56. Kf2 f6 57. Re4 Ke6 58. Re3 Ra2+ 59. Re2 Ra4 60. Re4 Ra3 61. Re3 Ra1 62. f4 Kf5 63. fxe5 fxe5 64. Rf3+ Ke4 65. Re3+ Kd4 66. h4 Rf1+ 67. Kxf1 Kxe3 1/2-1/2

[Event "Medellin Flores op 30th"]
[Site "Medellin"]
[Date "2023.08.03"]
[Round "1"]
[White "Orbe Vivero, Maria Jose"]
[Black "Angulo Pastrana, Oscar"]
[Result "1/2-1/2"]
[WhiteElo "1412"]
[BlackElo "1954"]
[PlyCount "99"]
[EventDate "2023.08.03"]
[EventType "swiss"]
[EventRounds "9"]
[EventCountry "COL"]
[SourceTitle "EXT 2024"]
[Source "ChessBase"]
[SourceDate "2023.10.10"]
[SourceVersion "1"]
[SourceVersionDate "2023.10.10"]
[SourceQuality "1"]

1. c4 e6 2. Nc3 d5 3. cxd5 exd5 4. d4 Nf6 5. Bg5 c6 6. Nf3 Qb6 7. Qc2 Nbd7 8. e3 Bd6 9. Bd3 h6 10. Bh4 a5 11. 0-0 0-0 12. Rac1 Qa7 13. Rfd1 a4 14. h3 g5 15. Bg3 Bxg3 16. fxg3 Qb8 17. g4 Re8 18. Re1 a3 19. b3 Qd6 20. e4 dxe4 21. Nxe4 Nxe4 22. Bxe4 Nf6 23. Bh7+ Kg7 24. Rxe8 Nxe8 25. Re1 Be6 26. Bf5 Bd5 27. Be4 Nf6 28. Bxd5 Nxd5 29. Ne5 Re8 30. Rf1 Re7 31. Nc4 Qg3 32. Qf2 Qxf2+ 33. Rxf2 Nf4 34. Nxa3 Ne2+ 35. Kf1 Ng3+ 36. Kg1 Ne2+ 37. Kf1 Nxd4 38. Nc4 b5 39. Nd6 Ra7 40. Nf5+ Nxf5 41. gxf5 h5 42. g4 hxg4 43. hxg4 c5 44. Rc2 c4 45. bxc4 bxc4 46. Rxc4 Rxa2 47. Rb4 Kf6 48. Re4 Rb2 49. Ra4 Ke5 50. Ra5+ 1/2-1/2

[Event "ECU-ch U18 Girls"]
[Site "Riobamba"]
[Date "2023.04.12"]
[Round "1"]
[White "Delgado Demera, Alisson Michelle"]
[Black "Orbe Vivero, Maria Jose"]
[Result "0-1"]
[WhiteElo "1161"]
[BlackElo "1530"]
[PlyCount "60"]
[EventDate "2023.04.12"]
[EventType "swiss"]
[EventRounds "9"]
[EventCountry "ECU"]
[SourceTitle "EXT 2024"]
[Source "ChessBase"]
[SourceDate "2023.10.10"]
[SourceVersion "1"]
[SourceVersionDate "2023.10.10"]
[SourceQuality "1"]

1. d4 Nf6 2. Nf3 g6 3. e3 Bg7 4. b3 0-0 5. Bb2 d6 6. Be2 Nc6 7. Nbd2 Nd7 8. 0-0 e5 9. c3 f5 10. d5 Ne7 11. e4 Nf6 12. exf5 gxf5 13. Ng5 Nexd5 14. Bc4 h6 15. Ngf3 Be6 16. Bxd5 Nxd5 17. c4 Nf4 18. Kh1 Ng6 19. Qe1 c6 20. Nd4 Bd7 21. N4f3 Re8 22. g3 d5 23. cxd5 cxd5 24. Rd1 Bc6 25. Rg1 Qd7 26. Nh4 Nxh4 27. gxh4 d4+ 28. Nf3 Bxf3+ 29. Rg2 Qe7 30. Kg1 Bxg2 0-1

[Event "Pasto op 3rd"]
[Site "Pasto"]
[Date "2023.02.18"]
[Round "4"]
[White "Naranjo Diaz, Juan Felipe"]
[Black "Orbe Vivero, Maria Jose"]
[Result "0-1"]
[WhiteElo "1562"]
[BlackElo "1460"]
[PlyCount "100"]
[EventDate "2023.02.17"]
[EventType "swiss"]
[EventRounds "6"]
[EventCountry "COL"]
[SourceTitle "EXT 2024"]
[Source "ChessBase"]
[SourceDate "2023.10.10"]
[SourceVersion "1"]
[SourceVersionDate "2023.10.10"]
[SourceQuality "1"]

1. e4 c5 2. c3 d5 3. exd5 Qxd5 4. d4 Nc6 5. Nf3 Bg4 6. Be2 e6 7. 0-0 Nf6 8. Re1 Be7 9. Na3 0-0 10. Nc2 cxd4 11. cxd4 Qd6 12. Bd3 Nd5 13. h3 Bxf3 14. Qxf3 Bf6 15. Bd2 g6 16. Re4 Bg7 17. Rh4 Qe7 18. Qg3 Rad8 19. Bh6 Qd6 20. Qf3 Bxh6 21. Rxh6 Qf4 22. Qxf4 Nxf4 23. Be4 Ne2+ 24. Kf1 Nexd4 25. Nxd4 Rxd4 26. Re1 Kg7 27. Rh4 Rfd8 28. g3 Rd2 29. Re2 R8d4 30. Bxc6 Rd1+ 31. Re1 Rxe1+ 32. Kxe1 Rxh4 33. gxh4 bxc6 34. Ke2 Kf6 35. Kf3 Kf5 36. Kg3 e5 37. f3 e4 38. f4 e3 39. Kf3 e2 40. Kxe2 Kxf4 41. Kf2 f5 42. a3 a5 43. b3 Ke4 44. Ke2 f4 45. b4 a4 46. Kf2 f3 47. Ke1 Ke3 48. Kf1 f2 49. h5 gxh5 50. h4 h6 0-1

[Event "Pasto op 3rd"]
[Site "Pasto"]
[Date "2023.02.18"]
[Round "3"]
[White "Orbe Vivero, Maria Jose"]
[Black "Huertas Riascos, Edwin Mauricio"]
[Result "1-0"]
[WhiteElo "1460"]
[BlackElo "1550"]
[PlyCount "89"]
[EventDate "2023.02.17"]
[EventType "swiss"]
[EventRounds "6"]
[EventCountry "COL"]
[SourceTitle "EXT 2024"]
[Source "ChessBase"]
[SourceDate "2023.10.10"]
[SourceVersion "1"]
[SourceVersionDate "2023.10.10"]
[SourceQuality "1"]

1. c4 d6 2. Nc3 Nf6 3. g3 g6 4. Bg2 Bg7 5. Nf3 0-0 6. 0-0 Bf5 7. d3 Nc6 8. Rb1 e5 9. b4 e4 10. Nh4 exd3 11. exd3 Bc8 12. Be3 Ng4 13. Qd2 Nxe3 14. fxe3 Qe7 15. Nd5 Qd8 16. d4 Ne7 17. Nc3 Nf5 18. Nxf5 gxf5 19. Rbe1 c6 20. b5 Bd7 21. bxc6 bxc6 22. Ne2 Rb8 23. Rb1 Qe7 24. Nf4 Rfe8 25. Rxb8 Rxb8 26. Re1 Qg5 27. Qa5 Qd8 28. Qxd8+ Rxd8 29. Rb1 Re8 30. Kf2 c5 31. d5 Ba4 32. Rb7 a5 33. Rb6 Be5 34. Bf1 Rd8 35. Bd3 Bd7 36. Bc2 Ra8 37. Nd3 Kf8 38. Nxe5 dxe5 39. Kf3 Ra7 40. e4 fxe4+ 41. Kxe4 Bg4 42. Kxe5 Re7+ 43. Kf6 Bh5 44. Ba4 Bg6 45. Rb8+ 1-0

[Event "Pereira Fiestas de la Cosecha"]
[Site "Pereira"]
[Date "2022.08.28"]
[Round "9"]
[White "Orbe Vivero, Maria Jose"]
[Black "Perez Pertuz, Carlos Mario"]
[Result "1/2-1/2"]
[WhiteElo "1413"]
[BlackElo "1867"]
[PlyCount "162"]
[EventDate "2022.08.24"]
[EventType "swiss"]
[EventRounds "10"]
[EventCountry "COL"]
[SourceTitle "CBM 210 Extra"]
[Source "ChessBase"]
[SourceDate "2022.11.30"]
[SourceVersion "1"]
[SourceVersionDate "2022.11.30"]
[SourceQuality "1"]

1. c4 e5 2. Nc3 Nf6 3. g3 d5 4. cxd5 Nxd5 5. Bg2 Be6 6. Nf3 Nc6 7. 0-0 Bc5 8. d3 Nb6 9. Ne4 Be7 10. Be3 f6 11. Rc1 Qd7 12. Bc5 0-0-0 13. Bxe7 Qxe7 14. Nc5 Bd5 15. a3 g5 16. Qc2 Qd6 17. b4 h5 18. b5 Nd4 19. Nxd4 exd4 20. Ne4 Bxe4 21. Bxe4 Qe5 22. a4 Nd5 23. Bxd5 Rxd5 24. Qc4 h4 25. Rc2 hxg3 26. hxg3 g4 27. Kg2 Rd7 28. Rh1 Rxh1 29. Kxh1 Qh5+ 30. Kg1 Qe8 31. Qc5 Kb8 32. Qf5 Qe7 33. Qxg4 Rd8 34. Rc4 Qe5 35. Qf4 Qxf4 36. gxf4 Rd5 37. Kg2 Kc8 38. Kf3 f5 39. e4 dxe3 40. Kxe3 a6 41. bxa6 bxa6 42. d4 Ra5 43. Rc5 Rxa4 44. Rxf5 a5 45. Rd5 c6 46. Re5 Ra3+ 47. Ke4 a4 48. f5 Ra2 49. f3 a3 50. f6 Re2+ 51. Kd3 Rxe5 52. dxe5 a2 53. f7 a1Q 54. f8Q+ Kb7 55. Qb4+ Kc7 56. Qd6+ Kb7 57. Ke4 Qb1+ 58. Qd3 Qb4+ 59. Qd4 Qb1+ 60. Kf4 Qc1+ 61. Kf5 Qa3 62. f4 Qh3+ 63. Ke4 Qg2+ 64. Ke3 Qg3+ 65. Kd2 c5 66. Qe3 Qg2+ 67. Kc3 Kc6 68. Qd3 Qa2 69. Qg6+ Kb5 70. Qe8+ Kb6 71. Qd8+ Kb5 72. Qb8+ Kc6 73. Qb3 Qa1+ 74. Qb2 Qe1+ 75. Qd2 Qg3+ 76. Kc4 Qg8+ 77. Kc3 Qg3+ 78. Kc2 c4 79. Qd6+ Kb5 80. Qb8+ Kc5 81. Qd6+ Kb5 1/2-1/2

[Event "Pereira Fiestas de la Cosecha"]
[Site "Pereira"]
[Date "2022.08.26"]
[Round "5"]
[White "Orbe Vivero, Maria Jose"]
[Black "Zuluaga, Nicolas"]
[Result "1-0"]
[WhiteElo "1413"]
[BlackElo "1650"]
[PlyCount "116"]
[EventDate "2022.08.24"]
[EventType "swiss"]
[EventRounds "10"]
[EventCountry "COL"]
[SourceTitle "CBM 210 Extra"]
[Source "ChessBase"]
[SourceDate "2022.11.30"]
[SourceVersion "1"]
[SourceVersionDate "2022.11.30"]
[SourceQuality "1"]

1. c4 e5 2. Nc3 Nf6 3. g3 d5 4. cxd5 Nxd5 5. Bg2 c6 6. Nf3 Bd6 7. 0-0 0-0 8. d3 Be6 9. Ng5 Nc7 10. Nxe6 Nxe6 11. Ne4 Bc7 12. Be3 Nd7 13. Rc1 Nb6 14. Nc5 Nxc5 15. Bxc5 Re8 16. b4 Nd7 17. Be3 Bb6 18. Qb3 Rb8 19. a4 Re7 20. Bg5 Nf6 21. a5 Bc7 22. Bxf6 gxf6 23. Qc4 Qd4 24. e3 Qxc4 25. Rxc4 Rd7 26. Rg4+ Kh8 27. Be4 Rg8 28. Rh4 Rg7 29. Rh6 Bd6 30. Rb1 Be7 31. b5 c5 32. b6 a6 33. Rc1 Rg6 34. Bxg6 fxg6 35. Rc3 Kg7 36. Rh4 g5 37. Rhc4 Kf7 38. Kg2 Ke6 39. Kf3 h5 40. h3 f5 41. Ke2 Kd5 42. f3 Rd8 43. Rc1 Rc8 44. d4 exd4 45. exd4 Bd6 46. g4 hxg4 47. hxg4 f4 48. Kd3 Rc6 49. dxc5 Bxc5 50. Rd1 Re6 51. Re4 Rxe4 52. fxe4+ Ke5 53. Rc1 Bb4 54. Rc7 Bxa5 55. Rc5+ Kd6 56. Rxa5 Kc6 57. Rxg5 Kxb6 58. Rf5 Kc6 1-0

[Event "Pereira Fiestas de la Cosecha"]
[Site "Pereira"]
[Date "2022.08.24"]
[Round "1"]
[White "Orbe Vivero, Maria Jose"]
[Black "Dominguez Rincon, Miller Duvan"]
[Result "0-1"]
[WhiteElo "1413"]
[BlackElo "2027"]
[PlyCount "60"]
[EventDate "2022.08.24"]
[EventType "swiss"]
[EventRounds "10"]
[EventCountry "COL"]
[SourceTitle "CBM 210 Extra"]
[Source "ChessBase"]
[SourceDate "2022.11.30"]
[SourceVersion "1"]
[SourceVersionDate "2022.11.30"]
[SourceQuality "1"]

1. c4 Nf6 2. Nc3 d6 3. Nf3 g6 4. g3 Bg7 5. Bg2 0-0 6. 0-0 c6 7. d3 e5 8. Rb1 a5 9. a3 h6 10. b4 axb4 11. axb4 Be6 12. Qb3 b5 13. Bb2 Nbd7 14. Nd2 Qb6 15. Ra1 Rxa1 16. Rxa1 Ng4 17. e3 Nxe3 18. fxe3 Qxe3+ 19. Kh1 Qxd2 20. Rd1 Qe3 21. Bxc6 e4 22. Bxe4 bxc4 23. Qc2 Nf6 24. Bg2 Ng4 25. Ne4 cxd3 26. Qd2 Bxb2 27. Qxb2 Bd5 28. Nf6+ Nxf6 29. Qxf6 Bxg2+ 30. Kxg2 Qe2+ 0-1

[Event "Pereira Gildardo Garcia Memorial-B"]
[Site "Pereira"]
[Date "2022.05.21"]
[Round "7"]
[White "Jaramillo, Carlos Orlando"]
[Black "Orbe Vivero, Maria Jose"]
[Result "1/2-1/2"]
[WhiteElo "1850"]
[BlackElo "1228"]
[PlyCount "96"]
[EventDate "2022.05.18"]
[EventType "swiss"]
[EventRounds "9"]
[EventCountry "COL"]
[SourceTitle "CBM 208 Extra"]
[Source "ChessBase"]
[SourceDate "2022.07.31"]
[SourceVersion "1"]
[SourceVersionDate "2022.07.31"]
[SourceQuality "1"]

1. e4 c5 2. Ne2 Nc6 3. Nbc3 d6 4. g3 g6 5. Bg2 Bg7 6. h3 Nf6 7. 0-0 0-0 8. d3 Rb8 9. a4 a6 10. f4 Nd7 11. Kh2 b5 12. axb5 axb5 13. e5 Nd4 14. exd6 exd6 15. Nxd4 Bxd4 16. Nd5 Nb6 17. c3 Bg7 18. Ra7 Nxd5 19. Bxd5 Qb6 20. Re7 Bf6 21. Re2 Bb7 22. Qb3 Bxd5 23. Qxd5 Rbe8 24. Rfe1 Rxe2+ 25. Rxe2 Qc7 26. g4 Qd7 27. g5 Bg7 28. Qe4 d5 29. Qf3 d4 30. Bd2 dxc3 31. bxc3 Rd8 32. Re3 Qf5 33. Kg3 h6 34. h4 hxg5 35. hxg5 f6 36. gxf6 Bxf6 37. Qe2 Kf7 38. Qf3 Rd5 39. Be1 g5 40. Qh5+ Qg6 41. Qxg6+ Kxg6 42. fxg5 Rxg5+ 43. Kf3 Rf5+ 44. Ke2 Re5 45. d4 Rd5 46. dxc5 Rxc5 47. Kd3 Kf5 48. Re8 Re5 1/2-1/2

[Event "South America-ch U14 Girls 17th"]
[Site "Guayaquil"]
[Date "2022.01.30"]
[Round "9"]
[White "Galvez Alvarado, Nissi Aline"]
[Black "Orbe Vivero, Maria Jose"]
[Result "1/2-1/2"]
[WhiteElo "1078"]
[BlackElo "1295"]
[PlyCount "63"]
[EventDate "2022.01.25"]
[EventType "swiss"]
[EventRounds "9"]
[EventCountry "ECU"]
[SourceTitle "CBM 206 Extra"]
[Source "ChessBase"]
[SourceDate "2022.03.31"]
[SourceVersion "1"]
[SourceVersionDate "2022.03.31"]
[SourceQuality "1"]

1. d4 Nf6 2. Bf4 g6 3. c4 Bg7 4. Nc3 0-0 5. h3 d6 6. Nf3 Nc6 7. e4 Nd7 8. Be3 e5 9. d5 Ne7 10. Bd3 f5 11. Bg5 Nc5 12. Bc2 h6 13. Bxe7 Qxe7 14. Qe2 fxe4 15. Nxe4 Nxe4 16. Bxe4 Bf5 17. Rc1 Qf6 18. 0-0 Bxe4 19. Qxe4 Qf5 20. Rfe1 Rae8 21. Rc2 Qxe4 22. Rxe4 Rf4 23. Rce2 Ref8 24. b3 g5 25. Nd2 Rxe4 26. Nxe4 Kf7 27. g4 Kg6 28. Ng3 Rf4 29. Re4 Bf8 30. Rxf4 exf4 31. Ne4 Bg7 32. f3 1/2-1/2

[Event "South America-ch U14 Girls 17th"]
[Site "Guayaquil"]
[Date "2022.01.29"]
[Round "7"]
[White "Orbe Vivero, Maria Jose"]
[Black "Escobar Villota, Domenika Gabriela"]
[Result "0-1"]
[WhiteElo "1295"]
[BlackElo "1415"]
[PlyCount "56"]
[EventDate "2022.01.25"]
[EventType "swiss"]
[EventRounds "9"]
[EventCountry "ECU"]
[SourceTitle "CBM 206 Extra"]
[Source "ChessBase"]
[SourceDate "2022.03.31"]
[SourceVersion "1"]
[SourceVersionDate "2022.03.31"]
[SourceQuality "1"]

1. d4 d5 2. Nc3 e6 3. e4 dxe4 4. Nxe4 Nf6 5. Nxf6+ Qxf6 6. Nf3 h6 7. Bd3 Bd6 8. Qe2 Nc6 9. c3 Bd7 10. Ne5 Nxe5 11. dxe5 Bxe5 12. Be4 Rb8 13. Be3 Bxc3+ 14. Bd2 Bxb2 15. Rb1 a6 16. 0-0 Bb5 17. Bd3 Bxd3 18. Qxd3 0-0 19. Qc2 Be5 20. f4 Bd4+ 21. Kh1 c5 22. Rf3 Rfd8 23. Bc3 b5 24. Rd1 Bxc3 25. Rxd8+ Rxd8 26. Rxc3 Qxc3 27. Qxc3 Rd1+ 28. Qe1 Rxe1# 0-1

[Event "ECU-ch (Women)"]
[Site "Salinas"]
[Date "2021.12.17"]
[Round "3"]
[White "Oleas Vanegas, Micaela Carolina"]
[Black "Orbe Vivero, Maria Jose"]
[Result "1-0"]
[WhiteElo "1561"]
[BlackElo "1280"]
[PlyCount "92"]
[EventDate "2021.12.16"]
[EventType "swiss"]
[EventRounds "7"]
[EventCountry "ECU"]
[SourceTitle "EXT 2023"]
[Source "ChessBase"]
[SourceDate "2022.10.05"]
[SourceVersion "1"]
[SourceVersionDate "2022.10.05"]
[SourceQuality "1"]

1. e4 c5 2. c3 d5 3. exd5 Qxd5 4. d4 Nc6 5. Nf3 Bg4 6. Be2 e6 7. 0-0 Nf6 8. h3 Bf5 9. Be3 cxd4 10. Nxd4 Nxd4 11. Qxd4 Qxd4 12. Bxd4 Bd6 13. Bb5+ Ke7 14. Nd2 a6 15. Ba4 b5 16. Bb3 Rad8 17. Rfe1 Rd7 18. a4 b4 19. Nc4 bxc3 20. Bxc3 Bc7 21. Ne5 Bxe5 22. Rxe5 Rhd8 23. Bb4+ Ke8 24. Ba3 Rd2 25. a5 Bc2 26. Ba2 Rd1+ 27. Rxd1 Rxd1+ 28. Kh2 Nd7 29. Re3 Nf6 30. Bc4 Nd5 31. Rg3 Nc7 32. Rxg7 Bg6 33. Rg8+ Kd7 34. Rb8 Rc1 35. b3 Ra1 36. Bb4 Ra2 37. f3 Bc2 38. Rb7 h5 39. Kg3 Bf5 40. h4 Kc8 41. Rb6 Kd7 42. Bxa6 Nd5 43. Rb7+ Kc6 44. Rb5 Nxb4 45. Rxb4 Rxa5 46. Bb7+ Kc7 1-0

[Event "ECU-ch (Women)"]
[Site "Salinas"]
[Date "2021.12.17"]
[Round "4"]
[White "Orbe Vivero, Maria Jose"]
[Black "Naekat Mashianda, Jomaira Fernanda"]
[Result "1/2-1/2"]
[WhiteElo "1280"]
[BlackElo "1222"]
[PlyCount "99"]
[EventDate "2021.12.16"]
[EventType "swiss"]
[EventRounds "7"]
[EventCountry "ECU"]
[SourceTitle "EXT 2023"]
[Source "ChessBase"]
[SourceDate "2022.10.05"]
[SourceVersion "1"]
[SourceVersionDate "2022.10.05"]
[SourceQuality "1"]

1. c4 g6 2. g3 Bg7 3. Bg2 Nf6 4. Nf3 0-0 5. 0-0 d5 6. cxd5 Nxd5 7. Nc3 c6 8. d4 Nd7 9. e4 Nxc3 10. bxc3 Nf6 11. Nd2 Qa5 12. Qb3 Be6 13. Qb4 Qxb4 14. cxb4 Rfd8 15. Bb2 Ne8 16. Nf3 Nc7 17. a4 a5 18. bxa5 Rxa5 19. Bc3 Ra7 20. Bb4 Bxd4 21. Nxd4 Rxd4 22. Bc5 Raxa4 23. Bxd4 Rxd4 24. Rfd1 Rc4 25. Rac1 Ra4 26. Ra1 Rc4 27. Ra7 Rb4 28. h4 Na6 29. e5 Nc5 30. Raa1 Bf5 31. Rac1 Na4 32. Rd8+ Kg7 33. Rb8 Rb6 34. Ra1 Nc5 35. Rc1 Nd7 36. Re8 Nxe5 37. Rxe7 Nd3 38. Rd1 Rb2 39. f4 Nf2 40. Rde1 Ng4 41. Be4 Be6 42. Rb1 Re2 43. Bf3 Re3 44. Kg2 Ba2 45. Rbxb7 Rxe7 46. Rxe7 Bd5 47. Bxd5 cxd5 48. Rd7 h5 49. Kf3 Kf6 50. Rxd5 1/2-1/2

[Event "ECU-ch Schools U13 Girls Clas1"]
[Site "Chess.com INT"]
[Date "2020.11.18"]
[Round "8"]
[White "Gruezo Garcia, Ainoha Camila"]
[Black "Orbe Vivero, Maria Jose"]
[Result "0-1"]
[WhiteElo "1299"]
[BlackElo "1280"]
[PlyCount "118"]
[EventDate "2020.11.18"]
[EventType "swiss"]
[EventRounds "9"]
[EventCountry "ECU"]
[SourceTitle "CBM 199 Extra"]
[Source "ChessBase"]
[SourceDate "2021.01.31"]
[SourceVersion "1"]
[SourceVersionDate "2021.01.31"]
[SourceQuality "1"]

1. c4 e5 2. Nc3 Nc6 3. g3 g6 4. Bg2 Bg7 5. Nf3 f5 6. d3 Nf6 7. 0-0 0-0 8. Rb1 a5 9. a3 d6 10. b4 axb4 11. axb4 Be6 12. Bd2 Qd7 13. Ng5 h6 14. Nxe6 Qxe6 15. b5 Ne7 16. Bxb7 Rab8 17. Bg2 Qd7 18. Qc2 g5 19. Ra1 f4 20. Ra2 Ng6 21. Nd5 Kh7 22. Nxf6+ Bxf6 23. Be4 Kg7 24. Kg2 fxg3 25. fxg3 Be7 26. Raa1 Rxf1 27. Rxf1 Rf8 28. Rxf8 Nxf8 29. Be3 Ne6 30. Qd1 Qe8 31. Qf1 Nd4 32. Bxd4 exd4 33. Qf5 Qf7 34. Qh7+ Kf8 35. Qxf7+ Kxf7 36. Bd5+ Kg6 37. Kf3 h5 38. h3 h4 39. g4 Kf6 40. Ke4 Kg7 41. Kxd4 Bf6+ 42. Ke4 Be7 43. Kf5 Bf6 44. Ke6 Bd4 45. Kd7 Bb6 46. Be6 Kf6 47. Bf5 Ke5 48. Ke7 Kf4 49. Kf7 Kg3 50. Kg6 Be3 51. Be4 Kxh3 52. Kh5 Kg3 53. Bf3 h3 54. Kg6 h2 55. Kh5 Kf2 56. Kg6 Kg1 57. Kh5 h1Q+ 58. Bxh1 Kxh1 59. Kg6 Kg2 0-1

[Event "ECU-ch Schools U13 Girls Clas1"]
[Site "Chess.com INT"]
[Date "2020.11.18"]
[Round "4"]
[White "Orbe Vivero, Maria Jose"]
[Black "Galvez Alvarado, Nissi Aline"]
[Result "0-1"]
[WhiteElo "1280"]
[BlackElo "1116"]
[PlyCount "66"]
[EventDate "2020.11.18"]
[EventType "swiss"]
[EventRounds "9"]
[EventCountry "ECU"]
[SourceTitle "CBM 199 Extra"]
[Source "ChessBase"]
[SourceDate "2021.01.31"]
[SourceVersion "1"]
[SourceVersionDate "2021.01.31"]
[SourceQuality "1"]

1. c4 Nf6 2. Nc3 g6 3. g3 Bg7 4. Bg2 d6 5. Nf3 0-0 6. 0-0 e5 7. d3 Nbd7 8. Bg5 h6 9. Bd2 Re8 10. Rb1 a5 11. a3 Nc5 12. b4 axb4 13. axb4 Ne6 14. b5 Nc5 15. Be3 e4 16. Nd2 exd3 17. exd3 Nxd3 18. Nb3 Ne5 19. Nd4 Nxc4 20. Qb3 Nxe3 21. fxe3 Rxe3 22. Nc2 Re8 23. Kh1 Ng4 24. Rbe1 Be6 25. Qb4 Nf6 26. Bxb7 Rb8 27. Bc6 Bd7 28. Bxd7 Qxd7 29. Nd4 Qc8 30. Rxe8+ Nxe8 31. Nc6 Qb7 32. Kg1 Qb6+ 33. Kg2 Qb7 0-1

[Event "ECU-ch Schools U13 Girls Clas1"]
[Site "Chess.com INT"]
[Date "2020.11.18"]
[Round "2"]
[White "Orbe Vivero, Maria Jose"]
[Black "Quezada Pauker, Katheen Gabriela"]
[Result "0-1"]
[WhiteElo "1280"]
[BlackElo "1498"]
[PlyCount "50"]
[EventDate "2020.11.18"]
[EventType "swiss"]
[EventRounds "9"]
[EventCountry "ECU"]
[SourceTitle "CBM 199 Extra"]
[Source "ChessBase"]
[SourceDate "2021.01.31"]
[SourceVersion "1"]
[SourceVersionDate "2021.01.31"]
[SourceQuality "1"]

1. c4 c5 2. Nc3 Nc6 3. g3 g6 4. Bg2 Bg7 5. Nf3 Nf6 6. 0-0 0-0 7. d4 d6 8. dxc5 dxc5 9. Be3 Be6 10. Bxc5 Bxc4 11. Rc1 Be6 12. Nd4 Nxd4 13. Bxd4 Qd7 14. Bc5 Rfd8 15. Qc2 Bh3 16. Rfd1 Qe6 17. Bxb7 Rab8 18. Bg2 Bxg2 19. Rxd8+ Rxd8 20. Kxg2 Qc6+ 21. Kg1 Qxc5 22. Rd1 Rxd1+ 23. Qxd1 Qd6 24. Qb3 h5 25. Qa4 Qd7 0-1

[Event "South America-ch U12 Girls 16th"]
[Site "Buenos Aires"]
[Date "2019.12.04"]
[Round "5.6"]
[White "Buiar, Maria Eduarda Beral"]
[Black "Orbe Vivero, Maria Jose"]
[Result "1/2-1/2"]
[WhiteElo "1380"]
[BlackElo "1231"]
[PlyCount "118"]
[EventDate "2019.12.01"]
[EventType "swiss"]
[EventRounds "9"]
[EventCountry "ARG"]
[SourceTitle "EXT 2024"]
[Source "ChessBase"]
[SourceDate "2023.10.10"]
[SourceVersion "1"]
[SourceVersionDate "2023.10.10"]
[SourceQuality "1"]

1. d4 Nf6 2. Bf4 g6 3. e3 Bg7 4. Nf3 0-0 5. Nbd2 d6 6. Bd3 Nc6 7. c3 Nd7 8. Bg3 e5 9. Bh4 f6 10. Qb3+ Kh8 11. d5 Nc5 12. Qc2 Nxd3+ 13. Qxd3 Ne7 14. 0-0 g5 15. Bg3 h6 16. Ne1 f5 17. f3 f4 18. exf4 exf4 19. Bf2 Bf5 20. Ne4 Qe8 21. Bd4 Qf7 22. c4 Bxd4+ 23. Qxd4+ Qg7 24. Qd3 Ng6 25. Nc2 Ne5 26. Qe2 Rae8 27. Nd4 Bg6 28. Ne6 Rxe6 29. dxe6 Qe7 30. c5 d5 31. Nf2 Qxe6 32. Ng4 Re8 33. Rfe1 Nxf3+ 34. Qxf3 Qf7 35. Qc3+ Qg7 36. Ne5 Be4 37. Nf3 g4 38. Nd2 Re7 39. Nxe4 dxe4 40. Qb4 Qe5 41. Qxb7 f3 42. gxf3 gxf3 43. Qc8+ Kh7 44. Qh3 Qf4 45. Kf1 e3 46. Rxe3 Qxe3 47. Qf5+ Kg7 48. Qg4+ Qg5 49. Qd4+ Re5 50. Qd7+ Kg6 51. Qd3+ Rf5 52. Qc2 Qg2+ 53. Qxg2+ fxg2+ 54. Kxg2 Rxc5 55. Rb1 a5 56. Kf3 Rc2 57. Kg3 Rc4 58. Kf3 Rc2 59. Kg3 Kg5 1/2-1/2

[Event "South America-ch U12 Girls 16th"]
[Site "Buenos Aires"]
[Date "2019.12.02"]
[Round "3.6"]
[White "Gaite, Karen Nerina1111"]
[Black "Orbe Vivero, Maria Jose"]
[Result "1-0"]
[WhiteElo "1321"]
[BlackElo "1231"]
[PlyCount "87"]
[EventDate "2019.12.01"]
[EventType "swiss"]
[EventRounds "9"]
[EventCountry "ARG"]
[SourceTitle "EXT 2024"]
[Source "ChessBase"]
[SourceDate "2023.10.10"]
[SourceVersion "1"]
[SourceVersionDate "2023.10.10"]
[SourceQuality "1"]

1. c4 e5 2. g3 Nc6 3. Bg2 g6 4. Nc3 Bg7 5. e3 f5 6. Nge2 Nf6 7. 0-0 0-0 8. d4 d6 9. Qd2 Ne7 10. b3 c6 11. Bb2 e4 12. f3 d5 13. Rac1 Be6 14. Nf4 Bf7 15. Na4 b6 16. cxd5 cxd5 17. Nc3 Rc8 18. Ba3 g5 19. Nfe2 h5 20. Nb5 Rxc1 21. Rxc1 a6 22. Nd6 Be6 23. Qb4 Ng6 24. Nb7 Qd7 25. Qxb6 Rb8 26. Rc7 Qe8 27. Qa5 g4 28. fxe4 fxe4 29. Nd6 Qd8 30. Rc5 Qf8 31. Rc6 h4 32. Nxe4 Qe8 33. Nxf6+ Bxf6 34. Bxd5 Bxd5 35. Qxd5+ Kh8 36. Re6 Qf7 37. Qf5 Kg7 38. e4 h3 39. e5 Qb7 40. Qxf6+ Kg8 41. Qxg6+ Kh8 42. Qh6+ Kg8 43. Rg6+ Qg7 44. Qxg7# 1-0

[Event "Pan American-ch U12 Girls"]
[Site "Guayaquil"]
[Date "2019.07.27"]
[Round "9"]
[White "Orbe Vivero, Maria Jose"]
[Black "Rajaram, Anika"]
[Result "1/2-1/2"]
[WhiteElo "1169"]
[BlackElo "1542"]
[PlyCount "68"]
[EventDate "2019.07.21"]
[EventType "swiss"]
[EventRounds "9"]
[EventCountry "ECU"]
[SourceTitle "EXT 2020"]
[Source "ChessBase"]
[SourceDate "2019.10.17"]
[SourceVersion "1"]
[SourceVersionDate "2019.10.17"]
[SourceQuality "1"]

1. c4 e5 2. Nc3 Nc6 3. g3 g6 4. Bg2 Bg7 5. Nf3 d6 6. 0-0 f5 7. d3 Nf6 8. Rb1 0-0 9. b4 h6 10. Qb3 Be6 11. b5 Ne7 12. Ne1 Qc8 13. a4 g5 14. e3 Rb8 15. f4 exf4 16. exf4 g4 17. Nc2 Nd7 18. Ne2 Nc5 19. Qa3 h5 20. Re1 Bf7 21. Ned4 Ng6 22. Bb2 h4 23. Ne3 Bxd4 24. Bxd4 hxg3 25. hxg3 b6 26. Nd5 Nd7 27. Ne7+ Nxe7 28. Rxe7 Re8 29. Rbe1 Rxe7 30. Rxe7 Qd8 31. Re2 Qf8 32. Qc3 Re8 33. Qe1 Rxe2 34. Qxe2 Qe8 1/2-1/2